Čítanka k obecným a českým dějinám 20. století /

Hlavní autor: Jirásek, Zdeněk, 1957-
Korporativní autor: Slezská univerzita. Ústav historie a muzeologie
Další autoři: Písková, Milada, 1943-2022
Jazyk: Čeština
Vydáno: Opava : Slezská univerzita, 1997
Vydání: Vyd. 1.
Témata:
Fyzický popis: 272 s. ; 24 cm
Knihy
Uloženo v:
LEADER 01833nam a2200469 a 4500
001 000275421
003 CZ BrMZK
005 20250904124244.0
007 ta
008 980115s1997 xr e p 0 cze d
015 |a cnb000304200 
020 |a 80-85879-88-3 
035 |a (OCoLC)39317099 
040 |a BOA001  |b cze 
043 |a e-cs--- 
045 |a x0x9 
072 7 |a 94(100)  |x Světové dějiny  |2 Konspekt  |9 8 
072 7 |a 37.016  |x Učební osnovy. Vyučovací předměty. Učebnice  |2 Konspekt  |9 22 
080 |a 94(100)  |2 MRF 
080 |a 94(437)  |2 MRF 
080 |a (075.8)  |2 MRF 
080 |a (093)  |2 MRF 
100 1 |a Jirásek, Zdeněk,  |d 1957-  |7 jn20000401253  |4 aut 
245 1 0 |a Čítanka k obecným a českým dějinám 20. století /  |c Zdeněk Jirásek, Milada Písková 
250 |a Vyd. 1. 
260 |a Opava :  |b Slezská univerzita,  |c 1997 
300 |a 272 s. ;  |c 24 cm 
500 |a Určeno posl. filozoficko-přírodovědecké fakulty 
504 |a Obsahuje bibliografii 
648 7 |a 20. století  |7 ch460558  |2 czenas 
650 0 7 |a světové dějiny  |7 ph117271  |y 20. století  |2 czenas 
651 7 |a Československo  |7 ge131689  |x dějiny  |2 czenas 
655 7 |a učebnice vysokých škol  |7 fd133772  |2 czenas 
655 7 |a dokumenty  |7 fd132064  |2 czenas 
700 1 |a Písková, Milada,  |d 1943-2022  |7 jk01093197  |4 aut 
710 2 |a Slezská univerzita.  |b Ústav historie a muzeologie  |7 kn20010709095 
910 |a BOA001  |b 2-1041.086  |b PK-0129.329 
920 |a 000285331 
990 |a BK 
996 6 |b 2610064374  |c 2-1041.086  |l MZK  |r Sklad / do 1 hodiny  |n 12  |p p.v.  |w 000275421  |u 000010  |a 1  |e BOA001  |j MZK50  |s P 
996 7 |b 3119011157  |c PK-0129.329  |l MZK  |r Sklad / do 1 hodiny  |n 18  |p kup  |w 000275421  |u 000020  |a 1  |e BOA001  |j MZK50  |s A 
996 7 |b 3119011158  |c PK-0129.329  |l MZK  |r Sklad / do 1 hodiny  |n 6  |p kup  |w 000275421  |u 000030  |a 1  |e BOA001  |j MZK50  |s A